La relevancia del tt̕ulo oficial del perito criminals̕tico nombrado por el Juez en la jurisdiccin̤ penal espaǫla (2® parte)...

Bibliographic Details
Main Author: Lucena Molina, Jos ̌Juan
Format: eBook
Language:Spanish
Published: Madrid: Dykinson, 2021
Subjects:
Online Access:Acceso restringido

MARC

LEADER 00000nam a22000007a 4500
005 20220620163428.0
007 cr|||| ||||
008 220620s2021 es |||||s|||| 00||0 spa d
020 |a 978-84-1377-862-4 
035 |a 36107 
040 |a vLex 
090 |c 13437  |d 13437 
100 1 |a Lucena Molina, Jos ̌Juan 
245 1 2 |a La relevancia del tt̕ulo oficial del perito criminals̕tico nombrado por el Juez en la jurisdiccin̤ penal espaǫla (2® parte)...  |h [Recurso electrn̤ico] /  |c Jos ̌Juan Lucena Molina 
256 |a Servicio en ln̕ea 
260 |a Madrid:  |b Dykinson,  |c 2021 
300 |a 1 recurso electrn̤ico 
500 |a  y La libertad de opinin̤ del perito oficial nombrado por el Juez en materia cientf̕ica. Esta segunda parte puede decirse que completa el Capt̕ulo 5 de la primera, pero adicionalmente introduce el relevante tema de la libertad de pensamiento de los peritos oficiales en formato de artc̕ulo para una revista especializada, enriqueciendo esa disertacin̤ sus pg̀inas y espero que suscitando futuras reflexiones que puedan mejorar la importante y escasamente reconocida tarea de los peritos oficiales en las Unidades Orgǹicas de la Polica̕ Judicial espaǫla, que bien merecen una regulacin̤ jurd̕ica sl̤ida y duradera de sus puestos de trabajo. 
506 1 |a Disponible solo en los productos indicados  |d vLex Global  |d vLex Global (Academic Edition, excluding Law Schools)  |d vLex Global (U.S. Academic Edition, Law Schools)  |d vLex Global (U.S. Academic Edition, excluding Law Schools)  |d vLex Global (Academic Edition, Law Schools) 
650 0 4 |a Derecho Penal  |z Espaą 
740 0 |a vLex Libros (Servicio en ln̕ea) 
856 4 0 |u https://app.vlex.com/#/sources/36107  |z Acceso restringido 
942 |c BOOK 
999 0 |a Criminal law